Informatika 2 softvér

Salvato in:
Dettagli Bibliografici
Autore principale: Kultan, Jaroslav, 1960-
Altri autori: Schmidt, Peter, 1968-, Ružický, Eugen, Jurík, Pavol, 1987-, Pittner, Ján
Natura: Libro
Lingua:slovacco
Pubblicazione: Bratislava 5V 2024
Edizione:1. vydanie
Soggetti:
Tags: Aggiungi Tag
Nessun Tag, puoi essere il primo ad aggiungerne!!

MARC

LEADER 00000nam a2200000 4500
001 0303165
005 20241010104915.7
020 |a 978-80-974860-0-6 
041 0 |a slo 
044 |a SK 
245 1 0 |a Informatika 2  |b softvér  |c Jaroslav Kultan, Peter Schmidt ; recenzenti: Eugen Ružický, Pavol Jurík, Ján Pittner 
250 |a 1. vydanie 
264 1 |a Bratislava  |b 5V  |c 2024 
300 |a 204 s. [9,17 AH] 
610 2 0 |a informatika 
610 2 0 |a softvér 
610 2 0 |a počítače 
610 2 0 |a systémy počítačové 
610 2 0 |a systémy operačné 
610 2 0 |a spracovanie dát 
610 2 0 |a jazyky programovacie 
610 2 0 |a internet 
610 2 0 |a spoločnosť informačná 
100 1 |a Kultan, Jaroslav, 1960- 
700 1 |a Schmidt, Peter, 1968- 
700 1 |a Ružický, Eugen 
700 1 |a Jurík, Pavol, 1987- 
700 1 |a Pittner, Ján